Research Design (Record no. 2607)

MARC details
000 -LEADER
fixed length control field 00374nam a22001697a 4500
005 - DATE AND TIME OF LATEST TRANSACTION
control field 20160614110329.0
008 - FIXED-LENGTH DATA ELEMENTS--GENERAL INFORMATION
fixed length control field 160614b xxu||||| |||| 00| 0 eng d
020 ## - INTERNATIONAL STANDARD BOOK NUMBER
ISBN 0-7619-2442-8
041 ## - LANGUAGE CODE
Language code of text/sound track or separate title eng
082 ## - DEWEY DECIMAL CLASSIFICATION NUMBER
Item number 7352
100 ## - MAIN ENTRY--AUTHOR NAME
Personal name Creswel, John W
245 ## - TITLE STATEMENT
Title Research Design
260 ## - PUBLICATION, DISTRIBUTION, ETC. (IMPRINT)
Name of publisher Gage
Year of publication 2003
300 ## - PHYSICAL DESCRIPTION
Number of Pages 236
650 ## - SUBJECT ADDED ENTRY--TOPICAL TERM
Topical Term Management
942 ## - ADDED ENTRY ELEMENTS (KOHA)
Koha item type Books
Holdings
Lost status Damaged status Collection code Home library Current library Shelving location Date acquired Cost, normal purchase price Full call number Accession Number Koha item type
    MANAGEMENT JRU Library JRU Library   14/06/2016 36.95 300.72 7352 Books